[Event "pete_andre"]
[Site "http://www.queenalice.com/game.php?id=16562"]
[Date "2005.6.16"]
[Round "-"]
[White "boyyob"]
[Black "spiderdan_micky_02"]
[Result "0-1"]
[WhiteElo "1445"]
[BlackElo "1377"]

1. e3 e5 2. Nc3 d5 3. Nf3 e4 4. Nd4 c6 5. f3 f5 6. d3 Bb4 7. dxe4 fxe4 8. a3
Bxc3+ 9. bxc3 Nf6 10. c4 O-O 11. g4 exf3 12. Qxf3 Ne4 13. Qh3 Qf6 14. Bb2 Qf2+
0-1

[Event "barraw"]
[Site "http://www.queenalice.com/game.php?id=16563"]
[Date "2005.6.16"]
[Round "-"]
[White "spiderdan_micky_02"]
[Black "boyyob"]
[Result "1-0"]
[WhiteElo "1371"]
[BlackElo "1371"]

1. e4 Nf6 2. e5 Nd5 3. c4 Nb4 4. d4 d5 5. c5 Bf5 6. Qa4+ N4c6 7. Bb5 a6 8. Bxc6+
Nxc6 9. Be3 Be4 10. Nc3 Bxg2 11. Nxd5 Bxd5 12. f3 b5 13. Qc2 e6 14. b3 f5 15.
Bg5 Qxg5 16. Qf2 Be7 17. Ne2 1-0

[Event "Let's Play Chess!"]
[Site "http://www.queenalice.com/game.php?id=16565"]
[Date "2005.6.16"]
[Round "-"]
[White "spiderdan_micky_02"]
[Black "Fanvegeta"]
[Result "1-0"]
[WhiteElo "1302"]
[BlackElo "1275"]

1. e4 d5 2. exd5 Qxd5 3. Nc3 Qa5 4. Qf3 Nf6 5. Bb5+ c6 6. Bc4 e6 7. Nge2 Bc5 8.
a3 O-O 9. b4 Bxb4 10. Bb2 Nbd7 11. axb4 Qxb4 12. Bb3 Nc5 13. Ba3 Qa5 14. O-O Rd8
15. Bb4 Qb6 16. Ba5 Qb5 17. Nxb5 1-0

[Event "AUTO-OPEN-96"]
[Site "http://www.queenalice.com/game.php?id=16655"]
[Date "2005.6.18"]
[Round "1"]
[White "denisaja"]
[Black "spiderdan_micky_02"]
[Result "1-0"]
[WhiteElo "1266"]
[BlackElo "1455"]

1. e3 d5 2. Qf3 c6 3. c4 Nf6 4. cxd5 Nxd5 5. Bc4 Nb4 6. Na3 e6 7. e4 b5 8. Bb3
Nd3+ 9. Kd1 Bb4 10. Nc2 Nxc1 11. Nxb4 Nxb3 12. Qxb3 Qd4 13. f3 Qf2 14. Ne2 Qxg2
15. Rg1 Qxh2 16. Qc3 O-O 17. Qxg7# 1-0

[Event "AUTO-OPEN-96"]
[Site "http://www.queenalice.com/game.php?id=16656"]
[Date "2005.6.18"]
[Round "1"]
[White "spiderdan_micky_02"]
[Black "denisaja"]
[Result "0-1"]
[WhiteElo "1435"]
[BlackElo "1420"]

1. e4 d5 2. exd5 Qxd5 3. Nc3 Qf5 4. Nb5 Na6 5. Nd4 Qe5+ 6. Nde2 Bf5 7. d3 O-O-O
8. Bf4 Qa5+ 9. Nc3 e5 10. Be3 Bb4 11. a3 Bxc3+ 12. bxc3 Qxc3+ 13. Bd2 Qc6 14.
Nf3 e4 15. Ne5 Qe6 16. f4 exf3 17. Bf4 f6 18. d4 fxe5 19. Qxf3 exf4+ 20. Be2
Rxd4 21. O-O Nf6 22. Rae1 Re4 23. Bxa6 Qb6+ 24. Kh1 Qxa6 25. Rxe4 Bxe4 26. Qxf4
Bxc2 27. Re1 Qxa3 28. Qd2 Re8 29. Rc1 Re2 30. Qf4 Rf2 31. Qxf2 Qxc1+ 32. Qg1
Qxg1+ 33. Kxg1 a5 34. Kf2 Ne4+ 35. Ke3 a4 36. g4 a3 37. Kf4 a2 38. Ke5 a1=Q+ 39.
Kd5 c6+ 40. Kc4 Qc3# 0-1

[Event "AUTO-OPEN-96"]
[Site "http://www.queenalice.com/game.php?id=16683"]
[Date "2005.6.18"]
[Round "1"]
[White "spiderdan_micky_02"]
[Black "pedrinhoIII"]
[Result "0-1"]
[WhiteElo "1390"]
[BlackElo "1529"]

1. e4 e5 2. Nf3 Qf6 3. Nc3 Bc5 4. d3 d6 5. Nd5 Qd8 6. Ng5 Nh6 7. Qf3 O-O 8. h4
Bg4 9. Qg3 f6 10. Ne6 Bxe6 11. Bxh6 Qd7 12. f4 Kh8 13. f5 Bxd5 14. Bxg7+ Qxg7
15. Qxg7+ Kxg7 16. exd5 Na6 17. O-O-O Nb4 18. Kb1 Nxd5 19. g4 Ne3 20. Rd2 Nxf1
21. Rxf1 Kh6 22. g5+ fxg5 23. hxg5+ Kxg5 24. Rg2+ Kf6 25. Rh1 Kxf5 26. Rf1+ Ke6
27. Rh1 Rf7 28. Rh6+ Kd5 29. c4+ Kc6 30. a3 Raf8 31. b4 Bd4 32. b5+ Kc5 33. Kc2
Rf2+ 34. Rxf2 Bxf2 35. Rxh7 Kd4 36. Rxc7 e4 37. Rxb7 e3 38. Kd1 Re8 39. Ke2 Ra8
40. a4 a6 41. b6 Rg8 42. Rc7 Rg1 43. Rd7 Re1+ 44. Kf3 e2 45. b7 Rd1 46. Rxd6+
Kc3 47. Kxe2 Rd2+ 0-1

[Event "AUTO-OPEN-96"]
[Site "http://www.queenalice.com/game.php?id=16684"]
[Date "2005.6.18"]
[Round "1"]
[White "pedrinhoIII"]
[Black "spiderdan_micky_02"]
[Result "1-0"]
[WhiteElo "1585"]
[BlackElo "1456"]

1. e4 e5 2. Qh5 Qf6 3. Nf3 g6 4. Qg5 Be7 5. Qxe5 Qxe5 6. Nxe5 d6 7. Nf3 Nf6 8.
Nc3 Nc6 9. Bb5 Bd7 10. Bxc6 Bxc6 11. d4 O-O-O 12. O-O Bxe4 13. Ng5 Rhe8 14.
Ngxe4 Nxe4 15. Nxe4 Bf6 16. Nxf6 Re2 17. Nxh7 Rxc2 18. Ng5 f5 19. Ne6 Re8 20.
Ng7 Re4 21. Be3 Rxb2 22. d5 Rb5 23. Bxa7 Rxd5 24. Rac1 Ra5 25. Bb6 Rxa2 26.
Rxc7+ Kb8 27. Rd7 Rc4 28. Ne6 Kc8 29. Rd8# 1-0

[Event "AUTO-OPEN-96"]
[Site "http://www.queenalice.com/game.php?id=16685"]
[Date "2005.6.18"]
[Round "1"]
[White "spiderdan_micky_02"]
[Black "alanski27"]
[Result "0-1"]
[WhiteElo "1377"]
[BlackElo "1500"]

1. e4 e5 2. Nf3 d6 3. h3 a6 4. Nc3 Nf6 5. d4 exd4 6. Nxd4 g6 7. Bg5 Be7 8. Qf3
h6 9. Be3 c5 10. Nb3 Be6 11. Nd2 Nc6 12. Nc4 Nb4 13. O-O-O b5 14. Nd2 Qa5 15. a3
Nc6 16. g4 Ne5 17. Qg3 b4 18. axb4 cxb4 19. Ncb1 Rc8 20. Bd4 Qa4 21. Bd3 Nxd3+
22. Qxd3 O-O 23. Rde1 g5 24. Re3 d5 25. e5 Nd7 26. Nb3 f6 27. Kd2 f5 28. Rf3 f4
29. Qg6+ Kh8 30. Qxh6+ Kg8 31. Qxe6+ Rf7 32. Qg6+ Rg7 33. Qe6+ Kf8 34. Qh6 Qc6
35. e6 Qxc2+ 36. Ke1 Qxb1+ 37. Ke2 Qe4+ 38. Kf1 Ne5 39. Bxe5 Qxe5 40. Qh8+ Rg8
41. Qxe5 Rc6 42. Qb8+ Kg7 43. Qe5+ Bf6 44. Qxd5 Rc7 45. Kg2 Rd8 46. Qa5 Rc6 47.
Rc1 Rxe6 48. Qc7+ Kg6 49. Rc6 Rde8 50. Rxe6 Rxe6 51. Qc2+ Kh6 52. Nc5 Rc6 53.
Qf5 a5 54. h4 a4 55. Nxa4 b3 56. hxg5+ Bxg5 57. Rh3+ Kg7 58. Qxg5+ Rg6 0-1

[Event "AUTO-OPEN-96"]
[Site "http://www.queenalice.com/game.php?id=16686"]
[Date "2005.6.18"]
[Round "1"]
[White "alanski27"]
[Black "spiderdan_micky_02"]
[Result "1-0"]
[WhiteElo "1511"]
[BlackElo "1363"]

1. e4 e5 2. d4 exd4 3. Qxd4 Nc6 4. Qd1 d6 5. Bb5 Bd7 6. Nc3 Nd4 7. Bxd7+ Qxd7 8.
Qxd4 Nf6 9. Bg5 Be7 10. O-O-O Nh5 11. f3 Bxg5+ 12. Kb1 f6 13. Nge2 O-O 14. Nd5
c6 15. Ndc3 Rae8 16. g4 Nf4 17. Qxd6 Qxd6 18. Rxd6 Ng2 19. Rd7 Rf7 20. Rhd1 Ne3
21. R1d3 Nc4 22. Rxf7 Kxf7 23. Rd7+ Kg6 24. f4 Bh4 25. Rxb7 Nd2+ 26. Kc1 Nf3 27.
h3 a5 28. Kd1 Rd8+ 29. Kc1 Be1 30. Rc7 Bd2+ 31. Kb1 Bxc3 32. Nxc3 Nd2+ 33. Kc1
Nc4 34. Rxc6 Ne3 35. b3 Rd4 36. Ra6 Ng2 37. f5+ Kg5 38. Rxa5 Nf4 39. Ra7 Nxh3
40. Rxg7+ Kf4 41. Ne2+ Kxe4 42. Nxd4 Kxd4 43. Rxh7 Nf4 44. Rf7 Nh3 45. Rxf6 Ke5
46. Re6+ Kf4 47. f6 Ng5 48. f7 Nxe6 49. a4 Kg5 50. a5 Kg6 51. c4 Kxf7 52. Kd2
Kf6 53. a6 Nc7 54. a7 Kg5 55. Kd3 Kxg4 56. b4 Kf5 57. Kd4 Ke6 58. Kc5 Kd7 59.
Kb6 1-0

[Event "Challenge"]
[Site "http://www.queenalice.com/game.php?id=17460"]
[Date "2005.6.25"]
[Round "-"]
[White "spiderdan_micky_02"]
[Black "waltc"]
[Result "0-1"]
[WhiteElo "1456"]
[BlackElo "2064"]

1. e4 e5 2. Nf3 Nc6 3. Bd3 Bc5 4. O-O d6 5. b3 g5 6. Ba3 Bb6 7. Bb2 Be6 8. Bc4
Qf6 9. Bxe6 fxe6 10. d4 exd4 11. Qd2 h6 12. h4 gxh4 13. c3 h3 14. Nxd4 Nge7 15.
Na3 Rg8 16. g3 Bxd4 17. cxd4 Qf3 18. Qxh6 Qg2# 0-1

[Event "Challenge"]
[Site "http://www.queenalice.com/game.php?id=33515"]
[Date "2005.10.16"]
[Round "-"]
[White "spiderdan_micky_02"]
[Black "Croftsy"]
[Result "1-0"]
[WhiteElo "1406"]
[BlackElo "1338"]

1. e4 Nc6 2. d4 Nh6 3. Bxh6 gxh6 4. Bc4 Rg8 5. Qh5 Rg6 6. f4 Nxd4 7. f5 Nxc2+ 8.
Kf2 Nxa1 9. fxg6 hxg6 10. Qe2 e5 11. Nf3 f6 12. Nc3 Bc5+ 13. Kg3 f5 14. h3 f4+
15. Kh2 c6 16. Rxa1 g5 17. g4 d5 18. exd5 b5 19. Bxb5 cxb5 20. Qxb5+ Qd7 21.
Qxd7+ Bxd7 22. Nxe5 Bd4 23. Ng6 Bf5 24. Re1+ Kf7 25. gxf5 h5 26. Re7+ Kf6 27.
Ne4+ Kxf5 28. Re6 Rb8 29. Nd6# 1-0

[Event "AUTO-INT-57"]
[Site "http://www.queenalice.com/game.php?id=39266"]
[Date "2005.11.23"]
[Round "1"]
[White "spiderdan_micky_02"]
[Black "misael"]
[Result "0-1"]
[WhiteElo "1428"]
[BlackElo "1669"]

1. e4 d6 2. d4 g6 3. b3 f5 4. Nc3 fxe4 5. Nxe4 d5 6. Nc3 Bg7 7. Be3 Nc6 8. Bb5
Bd7 9. Nxd5 Nf6 10. Nxf6+ Bxf6 0-1

[Event "AUTO-INT-57"]
[Site "http://www.queenalice.com/game.php?id=39279"]
[Date "2005.11.23"]
[Round "1"]
[White "VICSAR"]
[Black "spiderdan_micky_02"]
[Result "1-0"]
[WhiteElo "1624"]
[BlackElo "1399"]

1. e4 e5 2. Nf3 d6 3. Nc3 Bg4 4. d3 Nc6 5. h3 Bxf3 6. Qxf3 Nd4 7. Qd1 h6 8. Be3
c5 9. Nd5 Nf6 10. Nxf6+ Qxf6 11. Bxd4 cxd4 12. Qd2 b6 13. Qb4 Be7 14. Qb5+ Kf8
15. Be2 g6 16. O-O-O Qxf2 17. Bf3 1-0

[Event "AUTO-INT-57"]
[Site "http://www.queenalice.com/game.php?id=39280"]
[Date "2005.11.23"]
[Round "1"]
[White "spiderdan_micky_02"]
[Black "VICSAR"]
[Result "0-1"]
[WhiteElo "1410"]
[BlackElo "1616"]

1. e4 g6 2. d4 Bg7 3. e5 c6 4. Nf3 d6 5. Bf4 Qb6 6. b3 Bg4 7. Nbd2 c5 8. Nc4 Qc7
9. exd6 exd6 10. Bxd6 Qc6 11. Qe2+ Be6 12. Be5 Bxe5 13. Nfxe5 Qd5 14. Qe3 cxd4
15. Qg5 f6 16. Qg3 fxe5 17. Nxe5 Nf6 0-1

[Event "AUTO-INT-57"]
[Site "http://www.queenalice.com/game.php?id=39289"]
[Date "2005.11.23"]
[Round "1"]
[White "spiderdan_micky_02"]
[Black "Peppone"]
[Result "0-1"]
[WhiteElo "1352"]
[BlackElo "1742"]

1. e4 c5 2. Qh5 Nf6 3. Qf3 Nc6 4. Bb5 Nd4 5. Qd3 Nxb5 6. Qxb5 Nxe4 7. Qd3 d5 8.
Nc3 Nxc3 9. Qxc3 e6 10. Nf3 Be7 11. d4 Bf6 12. Be3 O-O 13. Qxc5 b6 0-1

[Event "AUTO-INT-57"]
[Site "http://www.queenalice.com/game.php?id=39290"]
[Date "2005.11.23"]
[Round "1"]
[White "Peppone"]
[Black "spiderdan_micky_02"]
[Result "1-0"]
[WhiteElo "1744"]
[BlackElo "1352"]

1. d4 e6 2. c4 Bb4+ 3. Bd2 Qe7 4. e3 Nf6 5. Nf3 Ne4 6. Bd3 d5 7. a3 Bxd2+ 8.
Nfxd2 Qf6 9. Nxe4 dxe4 10. Bxe4 c6 11. O-O O-O 12. Qc2 g6 13. Nc3 1-0